| 000 | 00343nam a2200145Ia 4500 | ||
|---|---|---|---|
| 008 | 191201s2008 xx 000 0 und d | ||
| 082 |
_a658.827 _bKAB |
||
| 100 | _aKAPOOR, Jagdeep | ||
| 245 | 0 | _a27 Brand Practices | |
| 250 | _aRep | ||
| 260 |
_aNew Delhi _bMacmillan India Limited _c2008 |
||
| 300 | _a147 | ||
| 650 | _aMBA | ||
| 942 |
_2ddc _cBK |
||
| 999 |
_c4031 _d4031 |
||